How to Thrive in the Virtual Workplace (Record no. 96726)

MARC details
000 -LEADER
fixed length control field 00570nam a2200217Ia 4500
005 - DATE AND TIME OF LATEST TRANSACTION
control field 20251122105829.0
008 - FIXED-LENGTH DATA ELEMENTS--GENERAL INFORMATION
fixed length control field 230125s9999 xx 000 0 und d
020 ## - INTERNATIONAL STANDARD BOOK NUMBER
International Standard Book Number 978-1529068252
041 ## - LANGUAGE CODE
Language code of text/sound track or separate title eng
082 ## - DEWEY DECIMAL CLASSIFICATION NUMBER
Classification number 158.1
Item number GLA/SLO
100 ## - MAIN ENTRY--PERSONAL NAME
Author Glazer R
245 ## - TITLE STATEMENT
Title How to Thrive in the Virtual Workplace
250 ## - EDITION STATEMENT
Edition statement 1st Ed.
260 ## - PUBLICATION, DISTRIBUTION, ETC.
Date of publication, distribution, etc. 2021
Name of publisher, distributor, etc. Bluebird Books
Place of publication, distribution, etc. London
300 ## - PHYSICAL DESCRIPTION
Extent 217p
500 ## - GENERAL NOTE
Keywords Personality Development
650 ## - SUBJECT ADDED ENTRY--TOPICAL TERM
Topical term or geographic name entry element Personality Development
700 ## - ADDED ENTRY--PERSONAL NAME
Personal name Glazer R & Sloan M
942 ## - ADDED ENTRY ELEMENTS (KOHA)
Koha item type Books
906 ## - LOCAL DATA ELEMENT F, LDF (RLIN)
b 124.75
Holdings
Withdrawn status Lost status Damaged status Not for loan Home library Current library Date acquired Vendor Net Price Bill number Total Checkouts Full call number Barcode Date last seen Date last checked out Actual Price Bill Date Koha item type Original Barcode
        Smt. Hiraben Nanavati Institute of Management & Research for Women Smt. Hiraben Nanavati Institute of Management & Research for Women 13/03/2021 Forward Books 499.00 11380 1 158.1 GLA/SLO B21577 HIMR-BK-21577 28/04/2023 25/04/2023 374.25 12/03/2021 Books B21577
        Smt. Hiraben Nanavati Institute of Management & Research for Women Smt. Hiraben Nanavati Institute of Management & Research for Women 13/03/2021 Forward Books 499.00 11380   158.1 GLA/SLO B21576 HIMR-BK-21576 25/01/2023   374.25 12/03/2021 Books B21576